000
00337nam a2200133 a 4500
005
20140414093838.0
008
110322s19uu xx uuu eng d
050
_a
CT
_b
BES
245
_a
The best of disco swing medley.
260
_a
Philippines :
_b
Megamedia Corporation.
650
_a
Dance
_x
Swing
942
_c
AVM
999
_c
109139
_d
109139